Life series alliances - Statistics

General Stats
  • This quiz has been taken 642 times
    69 since last reset
  • The average score is 18 of 37
Answer Stats
Answer % Correct
Desert duo
93%
Bad boys
88%
Flower husbands
88%
Clockers
85%
TIES
76%
BEST
73%
Mean gills
73%
Ranchers
73%
Red army
73%
Boat boys
66%
Roomies
66%
Southlands
63%
Family
61%
Fairy fort
54%
Villies
54%
Bamboozlers
51%
Krastle
51%
Magical mountain
51%
Mounders
49%
Gem and the Scotts
46%
Spanners
44%
Homewreckers
41%
Rejects
41%
Scottage
39%
Sunflower Valley
39%
Shadow alliance
37%
Big Dogs
34%
Box boys
32%
Heart foundation
32%
Cabincore
27%
Lost Generation
27%
Nosey neighbors
27%
The G's
24%
Gluten Guys
22%
Tuff guys
20%
Divorced Quartet
7%
Redwoods
5%
No matching quizzes found
Score Distribution
Percent of People with Each Score
Percentile by Number Answered
Your Score History
You have not taken this quiz since the last reset